2014 AFL Premiership Team - Statistics

General Stats
  • This quiz has been taken 149 times
  • The average score is 19 of 24
Answer Stats
Hint Answer % Correct
Premiership Team Hawthorn
98%
Coach Alastair Clarkson
97%
Half Forward Flank Luke Hodge
97%
Half Back Flank Sam Mitchell
94%
Interchange Cyril Rioli
93%
Full Forward Jack Gunston
91%
Centre Half Forward Jarryd Roughead
89%
Full Back Brian Lake
86%
Wing Jordan Lewis
84%
Forward Pocket Luke Bruest
84%
Ruck David Hale
81%
Forward Pocket Ben McEvoy
80%
Back Pocket Josh Gibson
79%
Half Forward Flank Isaac Smith
77%
Centre Will Langford
75%
Rover Shaun Burgoyne
73%
Interchange Paul Puopolo
72%
Wing Brad Hill
71%
Back Pocket Grant Birchall
71%
Ruck Rover Liam Shiels
67%
Centre Half Back Ben Stratton
65%
Half Back Flank Matt Suckling
63%
Interchange Matthew Spangher
55%
Interchange (Sub) Taylor Duryea
54%
No matching quizzes found
Score Distribution
Percent of People with Each Score
Percentile by Number Answered
Your Score History
You have not taken this quiz